000 01344nam a22003737a 4500
003 CHAP
005 20250131101134.0
008 100604s2004 mx a r 00010 spa d
010 _a98616
011 _a99588
020 _a9680200590
035 _a110274
040 _cCHAP
090 _aFolleto 17711
100 0 0 _aKrishnamurthy, Laksmi Reddiar
_963939
245 1 0 _aOpciones agroforestales para productores de palma de coco en el Estado de Michoacán
_c/por L. Krishnamurthy y Gabriel Montiel Aguirre
260 _aChapingo, Méx. :
_bUACH. Centro de Agroforestería para el Desarrollo Sostenible,
_c2004
300 _a16 p. :
_bilus.
490 0 _aFolleto
_v; 3
590 _aBATCH-UPD
_b10
_c20130110
_lUCH01
_h0930
590 _aBATCH-UPD
_b10
_c20130410
_lUCH01
_h0550
590 _aBATCH-UPD
_b10
_c20130913
_lUCH01
_h2202
590 _aCONVERSION
_b10
_c20130109
_lUCH01
_h1354
650 1 4 _aAgroforestería
_xMichoacán.
_92163
650 1 4 _aCoco
_xRendimiento.
_924267
700 0 _aMontiel Aguirre, Gabriel.
_977936
830 0 _aFolleto
_v; 3
901 _aBK
911 _aen proceso
942 _cFOLL
949 _aFolleto 17711
_bBC
_cFOLL
_d33724002168926
_eTS2
_fc.3
_i110274
_sb
949 _aFolleto 17711
_bBC
_cFOLL
_d33724002168967
_eTS2
_fc.2
_i110274
_sb
949 _aFolleto 17711
_bBC
_cUACH
_d33724002169009
_eUACH
_i110274
_sb
999 _c98616
_d98616